British Birds by Colour - Black - Statistics

General Stats
  • This quiz has been taken 11 times
  • The average score is 10 of 16
Answer Stats
Picture Hint Answer % Correct
Corvus corone Carrion Crow
100%
Turdus merula Common Blackbird
100%
Corvus corax Northern Raven
83%
Branta bernicla Brent Goose
67%
Fulica atra Eurasian Coot
67%
Gulosus aristotelis European Shag
67%
Pyrrhocorax pyrrhocorax Red-Billed Chough
67%
Corvus frugilegus Rook
67%
Coloeus monedula Western Jackdaw
67%
Lyrurus tetrix Black Grouse
50%
Melanitta americana Black Scoter
50%
Ciconia nigra Black Stork
50%
Gavia immer Great Northern Diver
50%
Turdus torquatus Ring Ouzel
50%
Geokichla sibirica Siberian Thrush
33%
Melanocorypha yeltoniensis Black Lark
17%
No matching quizzes found
Score Distribution
Percent of People with Each Score
Percentile by Number Answered
Your Score History
You have not taken this quiz